American TV Channels - Statistics

General Stats
  • This quiz has been taken 64 times
  • The average score is 8 of 15
Answer Stats
Hint Answer % Correct
ABC American Broadcasting Company
83%
MTV Music Television
74%
BBC British Broadcasting Company
67%
CNN Cable News Network
63%
NBC National Broadcasting Company
61%
A&E Arts and Entertainment
57%
AMC American Movie Classics
54%
HGTV Home and Garden Television
54%
CBS Columbia Broadcasting System
50%
PBS Public Broadcasting Service
48%
TLC The Learning Channel
48%
TNT Turner Network Television
41%
TBS Turner Broadcasting System
37%
ESPN Entertainment and Sports Programming Network
28%
FX Fox Extended
26%
No matching quizzes found
Score Distribution
Percent of People with Each Score
Percentile by Number Answered
Your Score History
You have not taken this quiz